000 00560nam a2200205Ia 4500
003 OSt
005 20220928134803.0
006 a|||||r|||| 00| 0
007 ta
008 220927b |||||||| |||| 00| 0 eng d
024 _a40178
037 _cReference Collections
040 _aSDCL
_cSDCL
_beng
041 _2eng
_aeng
082 _aY:496k, N7.1-.3 RR
245 0 _aENCYCLOPEDIA OF World terrorism.
260 _aNew York
_b Sharpe
_c1997
942 _hY:496k, N7.1-.3 RR
_cREF
_2CC
999 _c803238
_d803238